00267nam a2200097Ia 4500008004000000082001600040100002200056245003100078260004700109300001300156210210b1968 xxu||||| |||| 00| 0 eng d a303.32 CLAS aCLAUSEN (John A). aSocialization and society. aBoston.bLittle, Brown And Company.,c1968 axiii,400